LEADER 00798nam0-22002771i-450- 001 990005114110403321 005 19990530 035 $a000511411 035 $aFED01000511411 035 $a(Aleph)000511411FED01 035 $a000511411 100 $a19990530g19489999km-y0itay50------ba 101 0 $aita 105 $ay-------001yy 200 1 $aTraumnovelle$aFlucht in die Finsternis$eZwei Novellen$fArthur Schnitzler 210 $aAmsterdam$cBermann-Fischer$d1948. 215 $a226 p.$d18 cm 700 1$aSchnitzler,$bArthur$f<1862-1931>$0320902 801 0$aIT$bUNINA$gRICA$2UNIMARC 901 $aBK 912 $a990005114110403321 952 $aTX-SC-40$bFil.Mod. 1367$fFLFBC 959 $aFLFBC 996 $aTraumnovelle$949494 996 $aFlucht in die Finsternis$951143 997 $aUNINA LEADER 00985cam2 2200289 450 001 E600200073362 005 20210909103316.0 010 $a2190334713 100 $a20110331d1990 |||||ita|0103 ba 101 $afre 102 $aFR 200 1 $a3$eméthode de français$fJacky Girardet$gJean-Marie Cridling$gPhilippe Dominique 210 $aParis$cCLE international$d1990 215 $a236 p.$cill.$d28 cm 461 1$1001E600200073354$12000 $a<>nouveau sans frontieres 700 1$aGirardet$b, Jacky$3AF00013397$4070$0148689 702 1$aCridling, Jean-Marie$3A600200064713$4070 702 1$aDominique, Philippe$3A600200064719$4070 801 0$aIT$bUNISOB$c20210909$gRICA 850 $aUNISOB 852 $aUNISOB$j840$m69852 912 $aE600200073362 940 $aM 102 Monografia moderna SBN 941 $aM 957 $a840$b001055$gSi$d69852$rDono$1vittorini$2UNISOB$3UNISOB$420110331094551.0$520151026121723.0$6Alfano 996 $a3$91697993 997 $aUNISOB